00401nam a22001337a 4500082001700000100001800017245002800035260004100063300000800104650000900112942000700121952012200128999001700250 a294.543 RAM5 aRamdas, Swami aSwami Ramdas on Himself aKanhangad, KeralabAnandashramc1994 a167 aYoga cBK 00104070aHMIbHMIcGENd2014-08-21eAnandashram, Keralag25.00l0o294.543 RAM5p24680r2018-05-28w2018-05-28yBK c21055d21055